000 00416nam a2200169Ia 4500
008 170705s9999 xx 000 0 und d
020 _a9780721415734
245 4 _aThe elves and the shoemaker /
245 _cFran Hunia ; illustrated by John Dyke.
260 _aUSA :
260 _bLadybird,
260 _c1993
300 _aunpaged :
300 _bcolor illustration ;
300 _c18cm.
500 _a440
999 _c335801
_d335801